000 00921nam a2200217Ii 4500
003 JO-AjNU
008 230605s9999||||xx |||||||||||||| ||und||
017 _a2008/9/3176
040 _aJO-AjNU
_bara
_erda
_cJO-AjNU
041 _aara
050 1 4 _aG370.I2.Q25 2008
100 3 _aخلاصة الرحلة بقلم قنديل، فؤاد,
_eauthor
_949304
245 0 0 _aرحلة ابن بطوطة: تحفة النظار في غرائب الأمصار وعجائب الأسفار
264 3 1 _aالقاهرة: وزارة الثقافة، 2008
300 _a110ص
336 _atext
_btxt
_2rdacontent
337 _aunmediated
_bn
_2rdamedia
338 _avolume
_bnc
_2rdacarrier
490 0 _aمكتبة الاسرة الاردنية / مهرجان القراءة للجميع
650 4 _aالرحلات- الرحالة العرب- ابن بطوطة محمد بن عبدالله بن محمد 703- 779 هجري
_949305
999 _aA21647
_c25215
_d25215